Bharat ke Rahsyamayi Mandir (Record no. 13251)

MARC details
000 -LEADER
fixed length control field 00361nam a22001577a 4500
003 - CONTROL NUMBER IDENTIFIER
control field OSt
008 - FIXED-LENGTH DATA ELEMENTS--GENERAL INFORMATION
fixed length control field 250403b |||||||| |||| 00| 0 eng d
020 ## - INTERNATIONAL STANDARD BOOK NUMBER
International Standard Book Number 9789364554299
082 ## - DEWEY DECIMAL CLASSIFICATION NUMBER
Classification number 294.5
Item number ANB
100 ## - MAIN ENTRY--PERSONAL NAME
Personal name ANAND,Srinivasan
245 ## - TITLE STATEMENT
Title Bharat ke Rahsyamayi Mandir
260 ## - PUBLICATION, DISTRIBUTION, ETC. (IMPRINT)
Place of publication, distribution, etc New Delhi
Name of publisher, distributor, etc Taxmann
300 ## - PHYSICAL DESCRIPTION
Extent 233
650 ## - SUBJECT ADDED ENTRY--TOPICAL TERM
Topical term or geographic name as entry element General
942 ## - ADDED ENTRY ELEMENTS (KOHA)
Source of classification or shelving scheme Dewey Decimal Classification
Koha item type Text Books
Holdings
Withdrawn status Lost status Source of classification or shelving scheme Damaged status Not for loan Collection code Home library Current library Date acquired Source of acquisition Currency Cost, normal purchase price Bill Number Total Checkouts Full call number Acc. no. / Barcode Date last seen Actual Cost, discounted price Bill Date Koha item type Date last borrowed
    Dewey Decimal Classification     GENERAL PIET C-LIBRARY PIET C-LIBRARY 28/03/2025 Zaffa Books INR 295.00 ZBD0594   294.5 ANB 38870 03/04/2025 206.50 28/03/2025 Reference Books  
    Dewey Decimal Classification     GENERAL PIET C-LIBRARY PIET C-LIBRARY 28/03/2025 Zaffa Books INR 295.00 ZBD0594 1 294.5 ANB 38871 17/07/2025 206.50 28/03/2025 Text Books 05/04/2025
    Dewey Decimal Classification     GENERAL PIET C-LIBRARY PIET C-LIBRARY 28/03/2025 Zaffa Books INR 295.00 ZBD0594   294.5 ANB 38872 03/04/2025 206.50 28/03/2025 Text Books  
    Dewey Decimal Classification     GENERAL PIET C-LIBRARY PIET C-LIBRARY 28/03/2025 Zaffa Books INR 295.00 ZBD0594   294.5 ANB 38873 03/04/2025 206.50 28/03/2025 Text Books  
    Dewey Decimal Classification     GENERAL PIET C-LIBRARY PIET C-LIBRARY 28/03/2025 Zaffa Books INR 295.00 ZBD0594 3 294.5 ANB 38874 11/03/2026 206.50 28/03/2025 Text Books 07/02/2026
    Dewey Decimal Classification     GENERAL PIET C-LIBRARY PIET C-LIBRARY 22/04/2026 Zaffa Books INR 295.00 ZBD2026-27-0024   294.5 ANB 40031 02/05/2026 191.75 22/04/2026 Text Books  

Design & Developed by: PIET Central Library
R70 Miles Stone Pattikalyana Samalkha Panipat 132102
mail ID :- [email protected], Phone No:- 0180-2569700 Ex.216